[Event "URS-ch sf"]
[Site "Daugavpils"]
[Date "1978.??.??"]
[Round "?"]
[White "Lputian, Smbat G"]
[Black "Gavrikov, Viktor"]
[Result "1-0"]
[WhiteElo "2200"]
[BlackElo "2200"]

1. d4 Nf6 2. c4 c5 3. e3 g6 4. Nf3 Bg7 5. Be2 O-O 6. O-O cxd4 7. exd4 d5 8. Nc3  Nc6 9. h3 dxc4 10. Bxc4 a6 11. a4 Bf5 12. d5 Na5 13. Ba2 b5 14. axb5 axb5 15.  Nxb5 Qb8 16. Nfd4 Bd7 17. Nc3 Nh5 18. Rb1 Rc8 19. Re1 Qd6 20. Bg5 Qb6 21. Nf3  Bf5 22. Na4 Qb5 23. Rc1 Bd7 24. Rxc8+ Rxc8 25. Rxe7 Bf6 26. Rxd7 Qxd7 27. Nb6  Qb7 28. Nxc8 Qxc8 29. d6 1-0

[Event "URS-ch sf"]
[Site "Daugavpils"]
[Date "1978.??.??"]
[Round "?"]
[White "Lputian, Smbat G"]
[Black "Kozlov, V."]
[Result "1/2-1/2"]
[WhiteElo "2200"]
[BlackElo "2445"]

1. d4 Nf6 2. c4 d6 3. Nc3 e5 4. dxe5 dxe5 5. Qxd8+ Kxd8 6. Nf3 Nfd7 7. g4 f6 8.  g5 c6 9. gxf6 gxf6 10. Rg1 Na6 11. Be3 Ke8 12. Bh3 Ndc5 13. Bxc8 Rxc8 14. O-O-O  Rd8 15. Nd2 Be7 16. a3 b6 17. b4 Ne6 18. Nde4 f5 19. Rxd8+ Nxd8 20. Ng5 Rg8 21.  Nf3 Rxg1+ 22. Nxg1 Nc7 23. Nf3 Nf7 24. Kc2 Kd7 25. Bd2 Ne6 26. e3 Bf6 27. Ne2  Neg5 28. Nxg5 Nxg5 29. Ng1 Ke6 30. f3 Nf7 31. Kd3 1/2-1/2

[Event "URS-ch sf"]
[Site "Daugavpils"]
[Date "1978.??.??"]
[Round "?"]
[White "Lputian, Smbat G"]
[Black "Vaisser, Anatoly"]
[Result "1/2-1/2"]
[WhiteElo "2200"]
[BlackElo "2385"]

1. d4 Nf6 2. c4 e6 3. Nf3 b6 4. e3 Bb7 5. Bd3 c5 6. O-O Be7 7. Nc3 d6 8. d5  exd5 9. cxd5 O-O 10. e4 Nbd7 11. h3 Ne8 12. Bf4 Bf6 13. Qe2 a6 14. a4 Qe7 15.  Rae1 Nc7 16. Nd2 Be5 17. Bxe5 Nxe5 18. Bc2 b5 19. f4 Nd7 20. e5 f5 21. exd6  Qxe2 22. Rxe2 Nxd5 23. Nxd5 Bxd5 24. Re7 Rad8 25. axb5 axb5 26. Ra1 Rf6 27. Ra7  1/2-1/2

[Event "URS-ch sf"]
[Site "Daugavpils"]
[Date "1978.??.??"]
[Round "?"]
[White "Lukin, Andrei M"]
[Black "Kudriashov, Anatoli"]
[Result "1-0"]
[WhiteElo "2460"]
[BlackElo "2200"]

1. e4 c5 2. Nf3 Nc6 3. Bb5 g6 4. O-O Bg7 5. c3 Nf6 6. Re1 O-O 7. d4 cxd4 8.  cxd4 d5 9. e5 Ne4 10. Nc3 Nxc3 11. bxc3 Na5 12. Bf4 Bf5 13. Qd2 Rc8 14. Bh6 a6  15. Bf1 f6 16. Bxg7 Kxg7 17. exf6+ exf6 18. Nh4 Bd7 19. g3 Rf7 20. Ng2 Qc7 21.  Rac1 Qd6 22. h4 Bf5 23. Nf4 Nc4 24. Qd1 b5 25. Bg2 Nb6 26. Qb3 Rc4 27. Bf1 Ra4  28. Re8 Bd7 29. Re2 Bg4 30. Re3 Rc7 31. Rce1 Kf7 32. Bh3 Bxh3 33. Nxh3 Ra3 34.  Qc2 Na4 35. Re6 Qxe6 36. Rxe6 Kxe6 37. Qe2+ Kf7 38. Qf3 Rd7 39. Ng5+ Ke7 40.  Nxh7 Rd6 41. Qe3+ Kf7 42. Qh6 Rxc3 43. Qf8+ Ke6 44. Qe8+ Kf5 45. Nf8 g5 46. h5  Kg4 47. Qe2+ Kh3 48. Qf1+ Kg4 49. Kg2 Rdc6 50. Qe2+ 1-0

[Event "URS-ch sf"]
[Site "Daugavpils"]
[Date "1978.??.??"]
[Round "?"]
[White "Lukin, Andrei M"]
[Black "Lputian, Smbat G"]
[Result "0-1"]
[WhiteElo "2460"]
[BlackElo "2200"]

1. c4 e6 2. Nc3 d5 3. d4 Nf6 4. Bg5 Be7 5. e3 h6 6. Bh4 O-O 7. Rc1 Nbd7 8. Nf3  b6 9. cxd5 exd5 10. Bd3 Bb7 11. O-O Ne4 12. Bxe7 Qxe7 13. Nxe4 dxe4 14. Rxc7  Bc8 15. Bb5 Qd8 16. Rxc8 Rxc8 17. Nd2 Nf6 18. Qa4 Rc7 19. Nc4 Nd5 20. Qb3 Kh7  21. f3 f5 22. h3 f4 23. fxe4 fxe3 24. Nxe3 Nf4 25. d5 Qg5 26. Kh1 Rcf7 27. Qc2  Nxh3 28. e5+ g6 29. e6 Nf2+ 30. Rxf2 Rxf2 31. Qd3 Qh4+ 32. Kg1 Rxb2 33. Bd7  Rxa2 34. d6 Ra1+ 35. Nd1 Qe1+ 0-1

[Event "URS-ch sf"]
[Site "Daugavpils"]
[Date "1978.??.??"]
[Round "?"]
[White "Lukin, Andrei M"]
[Black "Malaniuk, Vladimir P"]
[Result "1-0"]
[WhiteElo "2460"]
[BlackElo "2200"]

1. c4 e5 2. Nc3 Nf6 3. Nf3 Nc6 4. e3 Bb4 5. Qc2 Bxc3 6. bxc3 O-O 7. Be2 d6 8.  O-O Bg4 9. h3 Bh5 10. e4 Qd7 11. d3 h6 12. Nh4 Bxe2 13. Qxe2 Qe6 14. Nf5 Ne7  15. g4 Kh7 16. f4 exf4 17. Bxf4 Nd7 18. Rf2 a6 19. Raf1 Rae8 20. Rg2 Nxf5 21.  gxf5 Qf6 22. Bd2 b5 23. cxb5 axb5 24. Qh5 d5 25. exd5 Rh8 26. Kh1 Kg8 27. Rfg1  Rh7 28. c4 bxc4 29. dxc4 Re4 30. Re2 Rxe2 31. Qxe2 Qxf5 32. Qg4 Qxg4 33. hxg4  Nb6 34. Bf4 f6 35. Bxc7 Nxc4 36. Rc1 Ne5 37. Bxe5 fxe5 38. Rc7 e4 39. d6 1-0

[Event "URS-ch sf"]
[Site "Daugavpils"]
[Date "1978.??.??"]
[Round "?"]
[White "Magerramov, Elmar"]
[Black "Chekhov, Valery A"]
[Result "1/2-1/2"]
[WhiteElo "2435"]
[BlackElo "2470"]

1. d4 Nf6 2. c4 c5 3. d5 e6 4. Nc3 exd5 5. cxd5 d6 6. e4 g6 7. Nf3 Bg7 8. Be2  O-O 9. O-O Re8 10. Nd2 Nbd7 11. f4 a6 12. a4 c4 13. e5 dxe5 14. Nxc4 Nb6 15.  fxe5 Ng4 16. Nd6 Bxe5 17. Nxe8 Qh4 18. h3 Qg3 19. Bxg4 Qh2+ 20. Kf2 Qg3+ 21.  Kg1 Qh2+ 22. Kf2 Qg3+ 23. Kg1 1/2-1/2

[Event "URS-ch sf"]
[Site "Daugavpils"]
[Date "1978.??.??"]
[Round "?"]
[White "Magerramov, Elmar"]
[Black "Fokin, Sergey"]
[Result "1-0"]
[WhiteElo "2435"]
[BlackElo "2200"]

1. c4 Nf6 2. Nf3 e6 3. g3 b6 4. Bg2 Bb7 5. O-O Be7 6. d4 O-O 7. Nc3 d5 8. cxd5  exd5 9. Qc2 Na6 10. Rd1 c5 11. Bf4 Rc8 12. dxc5 Nxc5 13. Bh3 Ne6 14. Be5 Ne4  15. Bf5 Qe8 16. Qb1 N6g5 17. Nxd5 Nxf3+ 18. exf3 Nxf2 19. Bxc8 Nxd1 20. Bxb7  Bc5+ 21. Kg2 Qxe5 22. Qxd1 Rb8 23. Ba6 Qxb2+ 24. Kh1 b5 25. Rb1 Qf2 26. Bxb5 h5  27. Nc3 Bb6 28. Qe2 Qd4 29. Qd3 Qe5 30. Bc4 Rd8 31. Nd5 h4 32. Qe4 Qh5 33. gxh4  Bf2 34. Nf4 Qh6 35. Rb7 Rf8 36. Rxf7 1-0

[Event "URS-ch sf"]
[Site "Daugavpils"]
[Date "1978.??.??"]
[Round "?"]
[White "Magerramov, Elmar"]
[Black "Lerner, Konstantin Z"]
[Result "1/2-1/2"]
[WhiteElo "2435"]
[BlackElo "2445"]

1. c4 Nf6 2. Nf3 e6 3. g3 d5 4. b3 c5 5. Bg2 Nc6 6. O-O Be7 7. e3 O-O 8. d3 d4  9. exd4 cxd4 10. Re1 Nd7 11. a3 a5 12. Nbd2 h6 13. h3 e5 14. g4 Nc5 15. Nf1 f5  16. Nxe5 Nxe5 17. Rxe5 fxg4 18. hxg4 Bd6 19. Rh5 Qf6 20. f4 g6 21. Rd5 Bd7 22.  Ra2 Bc6 23. g5 hxg5 24. fxg5 Qe7 25. Re2 Qc7 26. Bb2 Bxd5 27. Bxd5+ Kh7 28.  Bxd4 Rf5 29. Bf6 Nd7 30. Be4 Rxf6 31. gxf6 Nxf6 32. Bf3 Rd8 33. Re6 Bc5+ 34.  Kg2 Qf4 35. Qe2 Rd7 36. Qe5 Qxe5 37. Rxe5 b6 38. Re6 Kg7 39. Be2 Nh5 40. Bxh5  gxh5 41. b4 1/2-1/2

[Event "URS-ch sf"]
[Site "Daugavpils"]
[Date "1978.??.??"]
[Round "?"]
[White "Magerramov, Elmar"]
[Black "Tseshkovsky, Vitaly"]
[Result "0-1"]
[WhiteElo "2435"]
[BlackElo "2570"]

1. Nf3 g6 2. c4 Bg7 3. d4 d6 4. g3 c5 5. Bg2 Nc6 6. d5 Na5 7. O-O a6 8. Qc2 Nf6  9. Nfd2 b5 10. e4 O-O 11. h3 Rb8 12. Na3 Nd7 13. f4 Nb6 14. cxb5 axb5 15. Nf3  Bd7 16. g4 b4 17. Nb1 Ra8 18. Re1 Qb8 19. f5 Nac4 20. Kh1 Ra7 21. Nbd2 Na3 22.  Qd1 Ba4 23. Nb3 c4 0-1

[Event "URS-ch sf"]
[Site "Daugavpils"]
[Date "1978.??.??"]
[Round "?"]
[White "Magerramov, Elmar"]
[Black "Vitolinsh, Alvis"]
[Result "1/2-1/2"]
[WhiteElo "2435"]
[BlackElo "2415"]

1. Nf3 Nf6 2. c4 e6 3. g3 a6 4. d3 d5 5. b3 c5 6. Bg2 Nc6 7. O-O Be7 8. e3 O-O  9. Bb2 b5 10. Nc3 Rb8 11. cxd5 exd5 12. e4 Bg4 13. Nxd5 Nxd5 14. exd5 Qxd5 15.  Ne5 Bxd1 16. Bxd5 Nxe5 17. Bxe5 Rfd8 18. Bxf7+ Kxf7 19. Raxd1 Rd5 20. Rfe1 Rbd8  21. Re3 c4 22. bxc4 bxc4 23. d4 Bc5 24. Re4 Ba3 25. Rd2 c3 26. Rc2 Bb2 27. Kg2  R8d7 28. Kf3 Ra5 29. Re3 Rxa2 1/2-1/2

[Event "URS-ch sf"]
[Site "Daugavpils"]
[Date "1978.??.??"]
[Round "?"]
[White "Makarichev, Sergey"]
[Black "Faibisovich, Vadim Z"]
[Result "1/2-1/2"]
[WhiteElo "2495"]
[BlackElo "2460"]

1. e4 e5 2. Nf3 Nc6 3. Bc4 Nf6 4. d3 Be7 5. Bb3 O-O 6. O-O d6 7. c3 a5 8. Re1  Nd7 9. Be3 Bf6 10. h3 Ne7 11. d4 Ng6 12. Nbd2 Re8 13. Ba4 Rb8 14. dxe5 dxe5 15.  Nc4 Ra8 16. Re2 Qe7 17. Rd2 Rd8 18. Rd3 b6 19. Bc6 Rb8 20. b3 Ngf8 21. Qd2 Bb7  22. Bxb7 Rxb7 23. Rd1 Rbb8 24. Kh2 h6 25. Nb2 Qe6 26. c4 Be7 27. Qc2 Nf6 28.  Rxd8 Rxd8 29. Rxd8 Bxd8 30. Na4 N8d7 31. Qd3 Be7 32. Nd2 Qc6 33. Nc3 Nc5 34.  Qc2 Bd6 35. f3 Ne6 36. Nd5 Nd7 37. Qd3 1/2-1/2

[Event "URS-ch sf"]
[Site "Daugavpils"]
[Date "1978.??.??"]
[Round "?"]
[White "Makarichev, Sergey"]
[Black "Katalymov, Boris N"]
[Result "1/2-1/2"]
[WhiteElo "2495"]
[BlackElo "2200"]

1. e4 c5 2. Nf3 d6 3. d4 cxd4 4. Nxd4 Nf6 5. Nc3 Nc6 6. Bg5 Bd7 7. Qd2 Nxd4 8.  Qxd4 Qa5 9. Bd2 e5 10. Qd3 Rc8 11. f3 a6 12. Nd5 Qd8 13. Bg5 Qa5+ 14. b4 Qd8  15. Bxf6 gxf6 16. Be2 Bh6 17. a4 O-O 18. O-O Kh8 19. a5 Be6 20. c4 Rg8 21. Kh1  f5 22. g3 Qg5 23. f4 exf4 24. Rxf4 Qg7 25. Rff1 f4 26. g4 Qe5 27. h3 Bg5 28.  Rad1 h5 29. Qd4 hxg4 30. Nxf4 Bxf4 31. Rxf4 gxh3 32. Qxd6 Qg5 33. Qd4+ Rg7 34.  Qf2 Kg8 35. c5 Rd8 36. Rxd8+ Qxd8 37. Rf3 Qg5 38. Qh2 Rg6 39. Bf1 Qh4 40. Qb8+  Kh7 41. Qf4 Qh5 42. Kh2 Rg4 43. Qf6 Rg6 1/2-1/2

[Event "URS-ch sf"]
[Site "Daugavpils"]
[Date "1978.??.??"]
[Round "?"]
[White "Makarichev, Sergey"]
[Black "Panchenko, Alexander N"]
[Result "1/2-1/2"]
[WhiteElo "2495"]
[BlackElo "2495"]

1. e4 c5 2. Nf3 Nc6 3. d4 cxd4 4. Nxd4 Nf6 5. Nc3 d6 6. Bg5 e6 7. Qd2 a6 8.  O-O-O Bd7 9. f3 Be7 10. h4 O-O 11. Kb1 b5 12. g4 Nxd4 13. Qxd4 Qa5 14. Bd2 b4  15. Ne2 Rab8 16. g5 Nh5 17. Bh3 e5 18. Qa7 Bxh3 19. Rxh3 Rfc8 20. f4 Qb5 21.  Rd3 Qc4 22. Rc1 Bf8 1/2-1/2

[Event "URS-ch sf"]
[Site "Daugavpils"]
[Date "1978.??.??"]
[Round "?"]
[White "Makarichev, Sergey"]
[Black "Suetin, Alexey S"]
[Result "1/2-1/2"]
[WhiteElo "2495"]
[BlackElo "2535"]

1. e4 e5 2. Nf3 Nc6 3. c3 Nf6 4. d4 d5 5. Bb5 exd4 6. e5 Ne4 7. Nxd4 Bd7 8. Qb3  a6 9. Qxd5 axb5 10. Qxe4 Nxd4 11. Qxd4 Ra4 12. b4 c5 13. Qe3 cxb4 14. cxb4  Bxb4+ 15. Bd2 Bxd2+ 16. Nxd2 O-O 17. O-O Bc6 18. f3 Re8 19. Nb3 Qa8 20. Rf2 Bd5  21. Rd1 Bc4 22. Rdd2 h6 23. f4 f6 24. Qg3 Qc8 25. h3 fxe5 1/2-1/2

[Event "URS-ch sf"]
[Site "Daugavpils"]
[Date "1978.??.??"]
[Round "?"]
[White "Makarichev, Sergey"]
[Black "Taborov, Boris"]
[Result "1-0"]
[WhiteElo "2495"]
[BlackElo "2370"]

1. e4 c5 2. Nf3 d6 3. d4 cxd4 4. Nxd4 Nf6 5. Nc3 g6 6. Be2 Bg7 7. O-O O-O 8.  Bg5 Nc6 9. Nb3 Be6 10. f4 Na5 11. f5 Bc4 12. Kh1 Rc8 13. Bd3 b5 14. Qe1 b4 15.  Nd1 d5 16. e5 Re8 17. Nxa5 Bxd3 18. cxd3 Qxa5 19. Bd2 Ng4 20. d4 Qb6 21. fxg6  fxg6 22. Rf4 Nh6 23. Bxb4 g5 24. Bc5 Qc7 25. Rf3 Bxe5 26. Nc3 e6 27. Nb5 Qg7  28. Nxa7 Rxc5 29. dxc5 Ng4 30. h3 Bxb2 31. Rb1 Ne5 32. Rb3 Bd4 33. Rb8 Qxa7 34.  Rxe8+ Kf7 35. Qd1 Bxc5 36. Qh5+ Kg7 37. Qxg5+ Ng6 38. Rxe6 1-0

[Event "URS-ch sf"]
[Site "Daugavpils"]
[Date "1978.??.??"]
[Round "?"]
[White "Makarichev, Sergey"]
[Black "Yuferov, Sergey  N"]
[Result "1/2-1/2"]
[WhiteElo "2495"]
[BlackElo "2450"]

1. e4 c5 2. Nf3 d6 3. d4 cxd4 4. Nxd4 Nf6 5. Nc3 a6 6. Be3 e5 7. Nf3 Be7 8. Bc4  O-O 9. Qe2 Be6 10. Bxe6 fxe6 11. Ng5 Qc8 12. f4 exf4 13. Bxf4 h6 14. Nf3 Ng4  15. Bg3 Qc5 16. e5 Nxe5 17. Nxe5 dxe5 18. Qxe5 Qxe5+ 19. Bxe5 Nc6 20. Bg3 Rad8  21. Rd1 Nd4 22. Kd2 Bb4 23. Ke3 Nxc2+ 24. Ke4 Bxc3 25. bxc3 Na3 26. Rhf1 Nc4  27. Rxf8+ Rxf8 28. Rd7 Rf7 29. Rd8+ Kh7 30. Re8 e5 31. Re6 Rd7 32. Bxe5 Nxe5  33. Kxe5 Rd2 34. Rb6 Rxg2 35. Rxb7 Rxh2 36. c4 Rc2 37. Kd5 h5 38. c5 h4 39. c6  h3 40. Rb3 h2 41. Rh3+ Kg6 42. Kd6 Rd2+ 43. Ke6 Re2+ 44. Kd7 Rd2+ 1/2-1/2

[Event "URS-ch sf"]
[Site "Daugavpils"]
[Date "1978.??.??"]
[Round "?"]
[White "Malaniuk, Vladimir P"]
[Black "Eingorn, Vereslav S"]
[Result "1/2-1/2"]
[WhiteElo "2200"]
[BlackElo "2270"]

1. d4 Nf6 2. Nf3 d5 3. Bg5 Ne4 4. Bf4 c5 5. c3 Nc6 6. e3 e6 7. Nbd2 Nxd2 8.  Qxd2 Bd6 9. Bg3 O-O 10. Bd3 b6 11. Qc2 h6 12. Qe2 Bb7 13. Rd1 Qe7 14. dxc5 Bxc5  15. O-O a5 16. Rfe1 e5 17. e4 d4 18. Bc4 Kh7 19. Bd5 dxc3 20. bxc3 f6 21. Nh4  Qe8 22. Kh1 Ra7 23. f3 Ba6 24. Qc2 Ne7 25. Bf2 Qc8 26. f4 exf4 27. Nf3 Bxf2 28.  Qxf2 Qxc3 29. Qxb6 Qc7 30. Qf2 Bc8 31. Rc1 Qd7 32. Be6 Qb7 33. Rb1 Qa8 34. Nd4  Ra6 35. Bc4 Rd6 36. Nb5 Rdd8 37. Qxf4 Qc6 38. Rbc1 Be6 39. Bd5 Qd7 40. Rc7 Nxd5  41. exd5 Qxd5 42. Rxg7+ Kxg7 43. Nc7 Qxa2 1/2-1/2

[Event "URS-ch sf"]
[Site "Daugavpils"]
[Date "1978.??.??"]
[Round "?"]
[White "Malaniuk, Vladimir P"]
[Black "Gusev, Vladimir A"]
[Result "1/2-1/2"]
[WhiteElo "2200"]
[BlackElo "2410"]

1. d4 d5 2. Nf3 e6 3. Bf4 Bd6 4. Bg3 Nf6 5. Nbd2 c5 6. e3 Nc6 7. c3 Bxg3 8.  hxg3 Qd6 9. Bd3 e5 10. dxe5 Nxe5 11. Nxe5 Qxe5 12. Bb5+ Bd7 13. Bxd7+ Nxd7 14.  Rh5 f5 15. Nf3 Qe6 16. Qa4 h6 17. g4 Qe4 18. Qxe4+ fxe4 19. Nd2 Nf6 20. Re5+  Kf7 21. g5 hxg5 22. Rxg5 Rh1+ 23. Nf1 Rg1 24. O-O-O Rh8 25. Ng3 Rxg2 26. Nxe4  Rxg5 27. Nxg5+ Ke7 28. Kd2 Rh5 29. Nf3 g5 30. Ke2 g4 31. Nd2 Rh2 32. Rg1 Ke6  33. Nf1 Rh4 34. Ng3 Rh2 35. Rd1 Ne4 36. Nxe4 dxe4 37. Rg1 Kf5 38. c4 Kg5 39. b3  Kh4 40. Ke1 Rh3 41. Rf1 b6 42. Ke2 g3 43. fxg3+ Rxg3 44. Rf4+ Rg4 45. Kf2 Kh3  46. Rxg4 Kxg4 47. Kg2 a6 48. a3 b5 49. cxb5 axb5 50. Kf2 Kf5 51. Ke2 Ke5 52.  Kd2 b4 53. axb4 cxb4 54. Ke2 Kf5 55. Kf2 Kg4 1/2-1/2

[Event "URS-ch sf"]
[Site "Daugavpils"]
[Date "1978.??.??"]
[Round "?"]
[White "Malaniuk, Vladimir P"]
[Black "Kholmov, Ratmir"]
[Result "1/2-1/2"]
[WhiteElo "2200"]
[BlackElo "2540"]

1. d4 Nf6 2. Nf3 b6 3. c3 Bb7 4. Bg5 Ne4 5. Bh4 g6 6. Nbd2 Bg7 7. Nxe4 Bxe4 8.  e3 O-O 9. Bc4 d5 10. Bd3 Qd7 11. O-O Bxd3 12. Qxd3 Nc6 13. Bg3 Na5 14. e4 dxe4  15. Qxe4 c6 16. Rfe1 Rfe8 17. Re2 Qd5 18. Qh4 Bf6 19. Qg4 Nc4 20. b3 h5 21. Qh3  Nd6 22. Be5 Nf5 23. Rae1 Qd7 24. Bxf6 exf6 25. Nd2 Rxe2 26. Rxe2 Kg7 27. Qf3  Rd8 28. Nf1 b5 29. Ng3 Nxg3 30. hxg3 b4 31. Re4 f5 32. Re1 bxc3 33. Qxc3 Qxd4  34. Qxc6 f4 35. gxf4 Qxf4 36. Qc3+ Qf6 37. Qxf6+ Kxf6 38. Re2 Rd1+ 39. Kh2 h4  40. g3 hxg3+ 41. Kxg3 1/2-1/2

[Event "URS-ch sf"]
[Site "Daugavpils"]
[Date "1978.??.??"]
[Round "?"]
[White "Malaniuk, Vladimir P"]
[Black "Rashkovsky, Nukhim N"]
[Result "1-0"]
[WhiteElo "2200"]
[BlackElo "2505"]

1. d4 Nf6 2. Nf3 e6 3. Bg5 c5 4. e3 Be7 5. c3 b6 6. Nbd2 Bb7 7. Bd3 cxd4 8.  cxd4 Nd5 9. Bxe7 Qxe7 10. O-O O-O 11. Rc1 Nc6 12. a3 f5 13. Qe2 Rad8 14. Bc4  Qd6 15. Rc2 Rf6 16. Rfc1 Rg6 17. Ba6 Ba8 18. Nc4 Qb8 19. g3 Rf6 20. Nce5 Rff8  21. Nxc6 Bxc6 22. Bb5 Ba8 23. Ne5 Qd6 24. f3 Qe7 25. Kf2 Bb7 26. h4 Ba8 27. Qd2  Qd6 28. Nc4 Qe7 29. Ne5 a5 30. Qe2 Nf6 31. Rc7 Qd6 32. Ra7 f4 33. gxf4 Qe7 34.  Ke1 Rc8 35. Rxc8 Rxc8 36. Kd2 Rd8 37. Bc6 Qe8 38. Rxa8 Rxa8 39. Bxa8 Qxa8 40.  Kc2 d6 41. Nc4 b5 42. Nd2 Qe8 43. Qd3 Nd5 44. Ne4 b4 45. Ng5 Nf6 46. Kd2 h6 47.  Ne4 Nd5 48. f5 exf5 49. Nxd6 Qg6 50. Nxf5 Kh8 51. axb4 Nxb4 52. Qe4 Qg2+ 53.  Kc3 Na2+ 54. Kb3 Nc1+ 55. Ka3 Qd2 56. d5 Nd3 57. Qd4 Qb4+ 58. Qxb4 axb4+ 59.  Kb3 Kg8 60. d6 Kf7 61. f4 1-0

[Event "URS-ch sf"]
[Site "Daugavpils"]
[Date "1978.??.??"]
[Round "?"]
[White "Malaniuk, Vladimir P"]
[Black "Yurtaev, Leonid"]
[Result "1-0"]
[WhiteElo "2200"]
[BlackElo "2200"]

1. e4 g6 2. d4 Bg7 3. Nc3 c6 4. Be2 d5 5. e5 f6 6. exf6 exf6 7. h4 Nh6 8. Bf4  O-O 9. Qd2 Nf7 10. O-O-O Re8 11. g4 Nd7 12. Be3 b5 13. Nh3 Qa5 14. h5 Nd6 15.  hxg6 hxg6 16. Bh6 b4 17. Nb1 Ne4 18. Qf4 g5 19. Qh2 Bxh6 20. Nf4 Bg7 21. Qh7+  Kf8 22. Ng6+ Kf7 23. Qh5 Ke6 24. Qh7 Bf8 25. Rde1 b3 26. axb3 Bd6 27. Bd3 Nf8  28. Rxe4+ dxe4 29. Bc4+ Qd5 30. Nxf8+ Bxf8 31. Bxd5+ cxd5 32. Qf5+ Kd6 33.  Qxf6+ Be6 34. Qxg5 Be7 35. Qd2 Rg8 36. Qb4+ Kd7 37. Qb7+ Kd6 38. Nc3 Bg5+ 39.  Kb1 Bf6 40. Qb4+ 1-0

[Event "URS-ch sf"]
[Site "Daugavpils"]
[Date "1978.??.??"]
[Round "?"]
[White "Malaniuk, Vladimir P"]
[Black "Zhidkov, Valery S"]
[Result "1/2-1/2"]
[WhiteElo "2200"]
[BlackElo "2520"]

1. d4 Nf6 2. Nf3 g6 3. Bg5 Bg7 4. Nbd2 d6 5. c3 h6 6. Bh4 Nbd7 7. e4 e5 8. dxe5  dxe5 9. Bc4 O-O 10. a4 Qe8 11. b4 Nh5 12. O-O Kh7 13. Re1 Nb6 14. Bb3 a5 15.  Nc4 Nxc4 16. Bxc4 Bd7 17. Bb3 Bf6 18. Bxf6 Nxf6 19. Nd2 Qe7 20. Nc4 axb4 21.  cxb4 Be6 22. Qd2 b5 23. axb5 Nxe4 24. Qe3 Rxa1 25. Rxa1 Qxb4 26. Qxe4 Qxb3 27.  Nxe5 Rd8 28. h4 Qc3 29. Rf1 Rd4 30. Qf3 Qxf3 31. Nxf3 Rc4 32. Kh2 Kg7 33. Rb1  Bd5 34. Kg3 f5 35. b6 cxb6 36. Rxb6 1/2-1/2

[Event "URS-ch sf"]
[Site "Daugavpils"]
[Date "1978.??.??"]
[Round "?"]
[White "Mihalcisin, Adrian"]
[Black "Kholmov, Ratmir"]
[Result "1/2-1/2"]
[WhiteElo "2460"]
[BlackElo "2540"]

1. Nf3 Nf6 2. c4 e6 3. Nc3 Bb4 4. Qc2 b6 5. g3 Bb7 6. Bg2 O-O 7. O-O Re8 8. a3  Bxc3 9. Qxc3 d6 10. b4 c5 11. d4 Nbd7 12. Rd1 Qe7 13. Bb2 Ne4 14. Qc2 f5 15.  dxc5 bxc5 16. Nd2 Ndf6 17. Nxe4 Nxe4 18. Rac1 Rac8 19. Qa4 Bc6 20. Qc2 Bb7 21.  Qa4 Bc6 22. Qc2 Bb7 23. Qa4 Bc6 1/2-1/2

[Event "URS-ch sf"]
[Site "Daugavpils"]
[Date "1978.??.??"]
[Round "?"]
[White "Mihalcisin, Adrian"]
[Black "Makarichev, Sergey"]
[Result "1/2-1/2"]
[WhiteElo "2460"]
[BlackElo "2495"]

1. d4 Nf6 2. c4 e6 3. Nf3 b6 4. g3 Bb7 5. Bg2 Be7 6. O-O O-O 7. Nc3 Ne4 8. Qc2  Nxc3 9. Qxc3 Be4 10. Rd1 f5 11. Ne1 Bxg2 12. Nxg2 Bf6 13. Qc2 Re8 14. b3 c5 15.  Bb2 Nc6 16. e3 Rc8 17. Rd2 g5 18. Rad1 Qe7 19. f4 cxd4 20. exd4 d6 21. fxg5  Bxg5 22. Re2 Qg7 1/2-1/2

[Event "URS-ch sf"]
[Site "Daugavpils"]
[Date "1978.??.??"]
[Round "?"]
[White "Mihalcisin, Adrian"]
[Black "Petrushin, Alexander I"]
[Result "1-0"]
[WhiteElo "2460"]
[BlackElo "2355"]

1. e4 c5 2. Nf3 d6 3. d4 cxd4 4. Nxd4 Nf6 5. Nc3 a6 6. Bc4 e6 7. Bb3 Nc6 8. Be3  Be7 9. f4 O-O 10. Qe2 Nxd4 11. Bxd4 b5 12. a3 Bb7 13. O-O-O Qa5 14. Kb1 b4 15.  axb4 Qxb4 16. g4 Nd7 17. f5 exf5 18. gxf5 Bf6 19. Qe3 Ne5 20. Rhg1 Kh8 21. Bd5  Rab8 22. Qg3 Bc8 23. Bb3 Bb7 24. Bd5 Bc8 25. Ne2 Rg8 26. Bxf7 Rf8 27. Bd5 Bd7  28. Nf4 Be8 29. Ne6 Rf7 30. Ng5 Rc7 31. Nxh7 Ba4 32. b3 Rxc2 33. Nxf6 1-0

[Event "URS-ch sf"]
[Site "Daugavpils"]
[Date "1978.??.??"]
[Round "?"]
[White "Mihalcisin, Adrian"]
[Black "Taborov, Boris"]
[Result "1/2-1/2"]
[WhiteElo "2460"]
[BlackElo "2370"]

1. e4 c5 2. Nf3 d6 3. d4 cxd4 4. Nxd4 Nf6 5. Nc3 e6 6. f4 Be7 7. Qf3 Nc6 8. Be3  Qc7 9. Bd3 a6 10. O-O O-O 11. Rae1 Bd7 12. Kh1 b5 13. g4 Nxd4 14. Bxd4 Bc6 15.  g5 Nd7 16. Nd5 Qd8 17. Qh5 exd5 18. Rf3 Ne5 19. fxe5 g6 20. Qxh7+ Kxh7 21. Rh3+  Kg8 22. exd6 f6 23. e5 Bxd6 24. exf6 Rf7 25. Rh6 Be5 26. Rxg6+ Kh8 27. Rh6+ Kg8  28. Rg6+ Kh8 29. Rh6+ Kg8 30. Rg6+ 1/2-1/2

[Event "URS-ch sf"]
[Site "Daugavpils"]
[Date "1978.??.??"]
[Round "?"]
[White "Mishuchkov, Nikolai M"]
[Black "Sturua, Zurab"]
[Result "1/2-1/2"]
[WhiteElo "2410"]
[BlackElo "2395"]

1. c4 Nf6 2. Nf3 e6 3. g3 b6 4. Bg2 Bb7 5. O-O c5 6. b3 Be7 7. Bb2 O-O 8. d4  cxd4 9. Qxd4 Nc6 10. Qf4 d5 11. Nc3 dxc4 12. Rad1 Qb8 13. Qxc4 Rc8 14. Qd3 h6  15. Qb1 Nb4 16. Rfe1 Nfd5 17. Rc1 Nf6 18. Rcd1 Nfd5 19. Rc1 Nf6 20. Rcd1 Nfd5  1/2-1/2

[Event "URS-ch sf"]
[Site "Daugavpils"]
[Date "1978.??.??"]
[Round "?"]
[White "Mishuchkov, Nikolai M"]
[Black "Tseshkovsky, Vitaly"]
[Result "1/2-1/2"]
[WhiteElo "2410"]
[BlackElo "2570"]

1. Nf3 g6 2. c4 Bg7 3. d4 Nf6 4. g3 O-O 5. Bg2 d6 6. O-O c6 7. Nc3 a6 8. a3  Nbd7 9. e4 Ne8 10. e5 c5 11. Bg5 cxd4 12. Nd5 f6 13. exf6 exf6 14. Nxd4 Ne5 15.  Bc1 Kh8 16. b3 Bg4 17. f3 Bd7 18. Bb2 Rb8 19. f4 Nc6 20. Re1 f5 21. Rb1 Nf6 22.  Nxf6 Bxf6 23. Nxc6 Bxc6 24. Re6 Qb6+ 25. Kh1 Bxb2 26. Rxb2 Rfe8 27. Rbe2 Rxe6  28. Rxe6 Re8 29. Qxd6 Kg7 30. Qe5+ Kh6 31. Bxc6 Rxe6 32. Qxe6 bxc6 1/2-1/2

[Event "URS-ch sf"]
[Site "Daugavpils"]
[Date "1978.??.??"]
[Round "?"]
[White "Mishuchkov, Nikolai M"]
[Black "Vladimirov, Evgeny"]
[Result "1/2-1/2"]
[WhiteElo "2410"]
[BlackElo "2445"]

1. Nf3 c5 2. c4 Nc6 3. Nc3 e5 4. g3 g6 5. Bg2 Bg7 6. O-O Nge7 7. d3 d6 8. Ne1  Be6 9. f4 O-O 10. Nf3 h6 11. fxe5 dxe5 12. e4 Rb8 13. Be3 Nd4 14. Rb1 a6 15.  Qd2 Kh7 16. b4 cxb4 17. Rxb4 Nec6 18. Rb2 b5 19. cxb5 axb5 20. Rfb1 Nxf3+ 21.  Bxf3 b4 22. Nd5 Bxd5 23. exd5 e4 24. Bxe4 Bxb2 25. Qxb2 Ne7 26. Bc5 Nxd5 27.  Bxd5 Qxd5 28. Bxf8 Rxf8 29. Qxb4 Qxd3 30. Rf1 Kg8 31. Qf4 h5 32. a4 Qd5 33. Rb1  Kg7 34. Re1 Ra8 35. h4 Ra5 36. Rf1 Qd7 37. Qf6+ Kg8 38. Rb1 Qc7 39. Qf2 Rxa4  40. Rf1 Rc4 41. Re1 Rc2 42. Re8+ Kh7 43. Re7 Rc1+ 44. Re1 Rc4 1/2-1/2

[Event "URS-ch sf"]
[Site "Daugavpils"]
[Date "1978.??.??"]
[Round "?"]
[White "Mishuchkov, Nikolai M"]
[Black "Zhidkov, Valery S"]
[Result "1/2-1/2"]
[WhiteElo "2410"]
[BlackElo "2520"]

1. Nf3 Nf6 2. c4 g6 3. Nc3 Bg7 4. g3 O-O 5. Bg2 d6 6. O-O c6 7. d4 Qa5 8. e4 e5  9. h3 exd4 10. Nxd4 Qc5 11. Nb3 Qxc4 12. Qxd6 a5 13. Rd1 Nbd7 14. Be3 Qb4 15.  Rac1 Re8 16. Qc7 a4 17. Rd4 Qe7 18. Rxa4 Rxa4 19. Nxa4 Nxe4 20. Nb6 Nxb6 21.  Qxe7 Rxe7 22. Bxb6 Re8 23. Bd4 Nd2 24. Bxg7 Nxb3 25. Rc3 Kxg7 26. Rxb3 Re1+ 27.  Kh2 Kf6 28. g4 Ke5 29. Kg3 Kd4 30. g5 Re5 31. h4 Rb5 32. Rxb5 cxb5 33. a3 Kc4  34. Bf1+ Kb3 35. Bxb5 Kxb2 36. a4 Kc3 37. Kf4 Kd4 38. Be8 Be6 39. Bb5 b6 40.  Be8 Bd5 41. Bb5 1/2-1/2